000 00981nam a2200193Ia 4500
003 Ost
005 20260507075123.0
008 260507s9999||||xx |||||||||||||| ||und||
040 _cfsecg
041 _aara
082 _a330
100 _aأمين، بهاء الدين
_eمؤلف
245 0 _aالإدارة التعليمية والطرق الحديثة لتطويرها /
_c بهاء الدين أمين
260 _a[دون مكان]:
_bدار التقدم العلمي,
_c[دون تاريخ]
300 _a261 صفحة؛
_bإيضاحات ؛
_c24 سم
520 _aماهية الإدارة التعليمية وطبيعتها والعوامل المؤثرة عليها-نشأة اللامركزية في الإدارة التعليمية وتطويرها-منظومة الإدارة التعليمية-تطوير الإدارة التعليمية-تدريب المعلمين أثناء الخدمة
653 _aالإدارة التعليمية
942 _cكتاب
999 _c43106
_d43106